[Event "Angers op 4th"]
[Site "Angers"]
[Date "2009.04.19"]
[Round "6"]
[White "Rivet, Bertrand"]
[Black "Murie, Eric"]
[Result "0-1"]
[WhiteElo "1775"]
[BlackElo "2067"]
[PlyCount "68"]
[EventDate "2009.04.17"]
[EventType "swiss"]
[EventRounds "6"]
[EventCountry "FRA"]
[SourceTitle "CBM 129 Extra"]
[Source "ChessBase"]
[SourceDate "2009.05.05"]
[SourceVersion "2"]
[SourceVersionDate "2009.05.20"]
[SourceQuality "1"]

1. c4 Nf6 2. g3 e5 3. Bg2 Nc6 4. Nc3 d6 5. d3 g6 6. e4 Bg7 7. Nge2 Be6 8. 0-0 Qd7 9. Bg5 h6 10. Bxf6 Bxf6 11. Nd5 Bg7 12. b4 Ne7 13. Rc1 c6 14. Nxe7 Qxe7 15. a4 0-0 16. b5 Qd7 17. Re1 Rad8 18. d4 c5 19. dxc5 dxc5 20. Qb3 Qd3 21. Qc2 Qxc2 22. Rxc2 Rd3 23. Bf1 Rfd8 24. Nc3 R3d4 25. Nd5 f5 26. f3 Kf7 27. Ra1 fxe4 28. fxe4 Rxe4 29. Rf2+ Kg8 30. Bd3 Bxd5 31. cxd5 Rg4 32. Be2 Rd4 33. Raf1 R8xd5 34. Bg4 Rxg4 0-1

[Event "Angers op 2nd"]
[Site "Angers"]
[Date "2007.04.15"]
[Round "5.24"]
[White "Rivet, Bertrand"]
[Black "Le Ray, Thibaud"]
[Result "1-0"]
[WhiteElo "1786"]
[BlackElo "1550"]
[PlyCount "101"]
[EventDate "2007.04.13"]
[EventType "swiss"]
[EventRounds "6"]
[EventCountry "FRA"]
[SourceTitle "CBM 117 Extra"]
[Source "ChessBase"]
[SourceDate "2007.05.09"]
[SourceVersion "1"]
[SourceVersionDate "2007.05.09"]
[SourceQuality "1"]

1. c4 Nf6 2. g3 e5 3. Bg2 Bc5 4. Nc3 0-0 5. e3 Re8 6. Nge2 Nc6 7. 0-0 d6 8. h3 Bf5 9. d3 Qd7 10. g4 Bxg4 11. hxg4 Qxg4 12. Na4 Qh4 13. f3 g5 14. Nxc5 dxc5 15. Qe1 Qh6 16. Nc3 g4 17. Nd5 Nxd5 18. cxd5 Nb4 19. Qe2 g3 20. Bh1 Nxd3 21. Qg2 Nxc1 22. Rfxc1 Qxe3+ 23. Kf1 Qd3+ 24. Ke1 Qxd5 25. Qxg3+ Kh8 26. Qf2 Qd4 27. Rxc5 Qxf2+ 28. Kxf2 Re7 29. Re1 f6 30. f4 b6 31. Rcxe5 fxe5 32. Bxa8 Kg7 33. Kf3 Kf6 34. Rxe5 Rxe5 35. fxe5+ Kxe5 36. Ke3 Kd6 37. Bf3 c5 38. Kd3 b5 39. a3 Kc7 40. Ke4 Kb6 41. Kd5 b4 42. a4 Ka5 43. b3 Kb6 44. Kc4 a6 45. Kd5 h6 46. Be2 h5 47. Bxh5 Ka5 48. Be2 Kb6 49. Bxa6 Kxa6 50. Kxc5 Ka5 51. Kc4 1-0

[Event "Angers op 2nd"]
[Site "Angers"]
[Date "2007.04.13"]
[Round "2.9"]
[White "Bailet, Pierre"]
[Black "Rivet, Bertrand"]
[Result "1-0"]
[WhiteElo "2128"]
[BlackElo "1786"]
[PlyCount "55"]
[EventDate "2007.04.13"]
[EventType "swiss"]
[EventRounds "6"]
[EventCountry "FRA"]
[SourceTitle "CBM 117 Extra"]
[Source "ChessBase"]
[SourceDate "2007.05.09"]
[SourceVersion "1"]
[SourceVersionDate "2007.05.09"]
[SourceQuality "1"]

1. e4 e6 2. d4 d5 3. Nd2 Nc6 4. Ngf3 Nf6 5. e5 Nd7 6. c3 f6 7. exf6 Qxf6 8. Be2 Bd6 9. Nf1 e5 10. dxe5 Ndxe5 11. Ne3 0-0 12. 0-0 Be6 13. Nxd5 Qg6 14. Nxe5 Bxe5 15. f4 Rad8 16. Bh5 Qf5 17. fxe5 Qxf1+ 18. Qxf1 Rxf1+ 19. Kxf1 Rxd5 20. Bf3 Rxe5 21. Bf4 Bc4+ 22. Kf2 Re7 23. b3 Bd3 24. Re1 Rxe1 25. Kxe1 Bb1 26. a3 Na5 27. Bxc7 Nxb3 28. Bd5+ 1-0

[Event "Herlies op 7th"]
[Site "Herlies"]
[Date "2002.03.31"]
[Round "2"]
[White "Rivet, Bertrand"]
[Black "Donne, Pol"]
[Result "0-1"]
[WhiteElo "1630"]
[BlackElo "1800"]
[PlyCount "110"]
[EventDate "2002.03.30"]
[EventType "swiss"]
[EventRounds "7"]
[EventCountry "FRA"]
[SourceTitle "EXT 2004"]
[Source "ChessBase"]
[SourceDate "2003.11.25"]
[SourceVersion "1"]
[SourceVersionDate "2003.11.25"]
[SourceQuality "1"]

1. c4 c5 2. g3 g6 3. Bg2 Bg7 4. Nc3 Nf6 5. Nf3 Nc6 6. 0-0 d6 7. Rb1 0-0 8. a3 Rb8 9. b4 Bf5 10. d3 Nd7 11. Bb2 Qc8 12. Qc1 Re8 13. Nd5 Bg4 14. Ne3 Bxf3 15. exf3 Nde5 16. Bc3 Nxd3 17. Qd2 Bxc3 18. Qxc3 Nde5 19. f4 Nd4 20. Qb2 Nec6 21. h4 e6 22. Qd2 Qd8 23. Qd1 Qf6 24. h5 gxh5 25. Qxh5 Qg6 26. Qd1 Rbd8 27. b5 Na5 28. Re1 Kh8 29. Bf1 Nf5 30. Bd3 Nxe3 31. Rxe3 Qf6 32. Qd2 b6 33. Qc2 Rg8 34. Bxh7 Rg7 35. Bd3 Rdg8 36. Kg2 Rg4 37. Rh1+ Kg7 38. Rf3 Kf8 39. Qd1 Rxf4 40. Rxf4 Qxf4 41. Bh7 Rg7 42. Bd3 Qd4 43. Qf3 Ke7 44. Qa8 Qxd3 45. Qxa7+ Kf6 46. Qxb6 Nxc4 47. Qd8+ Kg6 48. Qh4 Qd5+ 49. Kg1 f6 50. Qh6+ Kf7 51. Qh8 Nd2 52. Rh7 Nf3+ 53. Kf1 Qd3+ 54. Kg2 Ne1+ 55. Kg1 Rxh7 0-1